Statystyki dla Skład mistrzów świata z 2014 roku.

Kliknij tutaj aby rozwiązać quiz!

Ogólne statystyki

  • Ten quiz został rozwiązany 89 razy
  • Średni wynik to 8 z 11

Statystyki odpowiedzi

#Zawodnikpozycja% Poprawnych
1Manuel NeuerBR
99%
16Philipp LahmPO
95%
11Miroslav KloseN
93%
13Thomas MullerPS
88%
5Mats HummelsŚO
83%
20Jerome BoatengŚO
75%
18Toni KroosŚP
74%
7Bastian SchweinsteigerŚP
64%
8Mesut OzilLS
56%
4Benedikt HowedesLO
50%
23Christoph KramerŚP
28%

Rozkład punktacji

Percentyl według liczby udzielonych odpowiedzi

Procent ludzi z każdym wynikiem

Twoja historia wyników

Nie rozwiązałeś tego quizu